| 000 | 00361nam a2200121Ia 4500 | ||
|---|---|---|---|
| 008 | 210430s9999 xx 000 0 und d | ||
| 082 | _a662.26 M 637 M | ||
| 100 |
_aAMSC N/ A _952816 |
||
| 245 |
_aMiltary Standard Propellants, Solid Sampling, Examination and Testing _cAMSC N/ A |
||
| 260 |
_aIslamabad _bPhoto copy _c1991 |
||
| 300 | _a804.1 | ||
| 942 |
_cBK _2ddc |
||
| 999 |
_c562276 _d562276 |
||